| 000 | 00434nam a2200157 a 4500 | ||
|---|---|---|---|
| 001 | 36330 | ||
| 005 | 20180714004849.0 | ||
| 008 | 140415s2000 mx 000 0 spa d | ||
| 041 | _aspa | ||
| 082 |
_a676.28203 _bGLO |
||
| 245 | 0 | 0 | _aGLOSARIO DE TERMINOS PARA COMPRADORES DE PAPEL |
| 250 | _a2a ed. | ||
| 260 |
_aMEXICO : _bGRUPO PAPELERO RAGSA, _c2000 |
||
| 300 | _a77 | ||
| 650 | 1 | 4 |
_aPAPEL _xARTES GRAFICAS _xGLOSARIO |
| 999 |
_c36330 _d36330 |
||